| 000 | 00804nam a2200265Ia 4500 | ||
|---|---|---|---|
| 003 | OSt | ||
| 005 | 20220918170846.0 | ||
| 006 | a|||||r|||| 00| 0 | ||
| 007 | ta | ||
| 008 | 220917b |||||||| |||| 00| 0 eng d | ||
| 020 |
_a9780745690605 (pbk) _cUSD 29.95 |
||
| 024 | _a318,356 | ||
| 037 |
_b153, 01/03/2017, Classic Book Service _cTextual |
||
| 040 |
_aARTS _cARTS _beng |
||
| 041 |
_2eng _aeng |
||
| 082 | _aR4,(L), Q7q | ||
| 100 |
_aHolland Stephen Au. _931758 |
||
| 245 | 0 |
_aBioethics _b philosophical introduction |
|
| 250 | _a2nd | ||
| 260 |
_aCambridge _bPolity Press USA _c2017 |
||
| 300 |
_aviii,273p. _ccm. |
||
| 650 |
_aMEDICAL ETHICS _931759 |
||
| 942 |
_hR4,(L), Q7q _cTEXL _2CC |
||
| 999 |
_c136284 _d136284 |
||